00317 a2200133 450000100060000002000150000604000220002110000220004324000420006524500370010730000080014436200090015265000220016163941 a8508094353 cAnchieta - Pituba aCarvalho, Marlene10aGuia prático do alfabetizador lpor10aGuia prático do alfabetizador  a1040 a2005 4aAlfabetização